000 00285nam a22001337a 4500
008 170807b xxu||||| |||| 00| 0 eng d
020 _a9780619062699
041 _aeng
080 _25TH
_a004
100 _a34
101 _aSHKI
245 _aDATABASE SYSTEMS
_cROB
942 _2udc
_cBK
999 _c22818
_d22818